Tous les personnages de Valorant - Statistiques

Statistiques générales
  • Ce quiz a été pris 187 fois
  • Le résultat moyen est 20 sur 24
Statistiques - réponses
Numéro Personnages % Correct
11 Jett
100%
7 Reyna
95%
16 Kay/o
92%
1 Brimstone
90%
10 Omen
90%
3 Sage
87%
2 Phoenix
86%
12 Raze
85%
24 Clove
84%
6 Cypher
84%
8 Killjoy
83%
15 Astra
81%
9 Breach
81%
22 Iso
81%
18 Neon
81%
5 Viper
81%
14 Yoru
81%
17 Chamber
78%
20 Harbor
78%
21 Gekko
77%
13 Skye
77%
22 Deadlock
73%
19 Fade
73%
4 Sova
73%
Aucun quiz correspondant
Distribution des résultats
% des personnes avec chaque résultat
Percentile par nombre de réponses
Votre historique - résultats
Vous n’avez pas pris ce quiz